[Event "chess.com Speed 3m+1spm 2018"]
[Site "chess.com INT"]
[Date "2018.11.30"]
[Round "3.12"]
[White "So, Wesley"]
[Black "Duda, Jan-Krzysztof"]
[Result "1-0"]
[WhiteTitle "GM"]
[BlackTitle "GM"]
[WhiteElo "2780"]
[BlackElo "2737"]
[WhiteFideId "5202213"]
[BlackFideId "1170546"]
[EventDate "2018.07.24"]

1. d4 Nf6 2. c4 e6 3. g3 d5 4. Bg2 dxc4 5. Qa4+ Nbd7 6. Qxc4 a6 7. Be3 Bd6 8.
Qc2 O-O 9. Nh3 e5 10. O-O Ng4 11. Bg5 Qe8 12. dxe5 Ndxe5 13. Nc3 h6 14. Bf4 Nf6
15. Rad1 Rb8 16. Bc1 Ng6 17. e4 b5 18. f4 b4 19. Nd5 Nxd5 20. Rxd5 Be6 21. Ra5
Bd7 22. e5 Nxe5 23. fxe5 Bxe5 24. Rd5 Rb5 25. Rxb5 Bd4+ 26. Kh1 Bxb5 27. Rd1 c5
28. Nf4 Qe5 29. b3 Re8 30. h4 Bd7 31. Bf3 g5 32. hxg5 hxg5 33. Nd3 Qh8+ 34. Qh2
Qf6 35. Qh5 g4 36. Bxg4 Bc6+ 37. Kh2 Kg7 38. Qg5+ Qg6 39. Qxg6+ fxg6 40. Nf4
Rh8+ 41. Nh3 Re8 42. Ng5 Rh8+ 43. Bh3 Bd7 44. Bf4 Bf5 45. Kg2 Bxh3+ 46. Nxh3 Re8
47. Kf3 a5 48. Ng5 a4 49. bxa4 Kf6 50. Ne4+ Ke6 51. Re1 Ra8 52. Nxc5+ Kf7 53.
Nb3 Bc3 54. Re2 Rxa4 55. Ke4 1-0

[Event "chess.com Speed 3m+1spm 2018"]
[Site "chess.com INT"]
[Date "2018.11.30"]
[Round "3.13"]
[White "Duda, Jan-Krzysztof"]
[Black "So, Wesley"]
[Result "1/2-1/2"]
[WhiteTitle "GM"]
[BlackTitle "GM"]
[WhiteElo "2737"]
[BlackElo "2780"]
[WhiteFideId "1170546"]
[BlackFideId "5202213"]
[EventDate "2018.07.24"]

1. e4 e5 2. Nf3 Nc6 3. Bc4 Bc5 4. d3 Nf6 5. O-O O-O 6. Nbd2 d6 7. c3 a6 8. Bb3
h6 9. h3 Re8 10. Re1 Be6 11. Bc2 d5 12. exd5 Bxd5 13. Ne4 Nxe4 14. dxe4 Be6 15.
b4 Qxd1 16. Rxd1 Bd6 17. Bb3 Bxb3 18. axb3 b5 19. Be3 a5 20. bxa5 Nxa5 21. Nd2
b4 22. Rdc1 bxc3 23. Rxc3 Bb4 24. Rxc7 Bxd2 25. Bxd2 Nxb3 26. Rxa8 Rxa8 27. Bc3
f6 28. Kh2 Rd8 29. Kg3 Nd4 30. Bxd4 Rxd4 31. f3 Rd2 32. h4 1/2-1/2

[Event "chess.com Speed 3m+1spm 2018"]
[Site "chess.com INT"]
[Date "2018.11.30"]
[Round "3.14"]
[White "Duda, Jan-Krzysztof"]
[Black "So, Wesley"]
[Result "0-1"]
[WhiteTitle "GM"]
[BlackTitle "GM"]
[WhiteElo "2737"]
[BlackElo "2780"]
[WhiteFideId "1170546"]
[BlackFideId "5202213"]
[EventDate "2018.07.24"]

1. Nf3 d5 2. g3 g6 3. c4 dxc4 4. Qa4+ Nc6 5. Na3 a6 6. Bg2 Bg7 7. Qxc4 e5 8. d3
Be6 9. Qc2 h6 10. O-O Nge7 11. Rd1 O-O 12. Bd2 g5 13. Bc3 b5 14. d4 e4 15. Ne5
Bd5 16. Bxe4 b4 17. Nxc6 Nxc6 18. Bxd5 Qxd5 19. e4 Qd8 20. d5 bxc3 21. dxc6 cxb2
22. Rab1 Qf6 23. Rd2 Rab8 24. Nc4 Qxc6 25. e5 Rb4 26. Rd4 Bxe5 27. Rg4 Bg7 28.
a3 Rb5 29. h4 f5 0-1

[Event "chess.com Speed 3m+1spm 2018"]
[Site "chess.com INT"]
[Date "2018.11.30"]
[Round "3.15"]
[White "So, Wesley"]
[Black "Duda, Jan-Krzysztof"]
[Result "1-0"]
[WhiteTitle "GM"]
[BlackTitle "GM"]
[WhiteElo "2780"]
[BlackElo "2737"]
[WhiteFideId "5202213"]
[BlackFideId "1170546"]
[EventDate "2018.07.24"]

1. d4 g6 2. e4 Bg7 3. Nc3 d6 4. Nf3 Nf6 5. Be2 O-O 6. O-O c6 7. a4 Qc7 8. e5
dxe5 9. Nxe5 Nbd7 10. Bf4 Nxe5 11. Bxe5 Qd8 12. a5 Bf5 13. Re1 Nd5 14. Bf3 Nb4
15. Bxg7 Kxg7 16. Be4 Bxe4 17. Nxe4 b6 18. c3 Nd5 19. Qa4 Qc7 20. axb6 axb6 21.
Qxa8 Rxa8 22. Rxa8 c5 23. dxc5 bxc5 24. Raa1 c4 25. g3 Qb6 26. Nd2 Qxb2 27. Nxc4
Qxc3 28. Rac1 Qf6 29. Ne3 Nb4 30. Red1 Qf3 31. Rc4 Nc6 32. Rd5 Qf6 33. Re4 Qa1+
34. Kg2 Qa8 35. Kg1 Qb7 36. Rc4 Qa8 37. Re4 h6 38. h4 f5 39. Rc4 Ne5 40. Rc7 Kf6
41. Rd1 Nf3+ 42. Kf1 e6 43. Rdd7 Ne5 44. Nd5+ Qxd5 45. Rxd5 exd5 46. Ke2 d4 47.
f4 d3+ 48. Ke3 Ng4+ 49. Kxd3 h5 50. Rc6+ Kg7 51. Ra6 Nf2+ 52. Kd4 Ne4 53. Ra3
Kf6 54. Re3 Nf2 55. Kd5 Kf7 56. Ra3 Ne4 57. Ke5 Kg7 58. Ke6 Nc5+ 59. Kd6 Ne4+
60. Ke7 Nc5 61. Ra7 Ne4 62. Ke6+ Kg8 63. Rb7 Kf8 64. Rf7+ Kg8 65. Ra7 Kf8 66.
Rb7 Nc5+ 67. Kf6 Nxb7 68. Kxg6 Nd6 69. Kxh5 Ne4 70. Kg6 1-0

[Event "chess.com Speed 3m+1spm 2018"]
[Site "chess.com INT"]
[Date "2018.11.30"]
[Round "3.16"]
[White "Duda, Jan-Krzysztof"]
[Black "So, Wesley"]
[Result "1-0"]
[WhiteTitle "GM"]
[BlackTitle "GM"]
[WhiteElo "2737"]
[BlackElo "2780"]
[WhiteFideId "1170546"]
[BlackFideId "5202213"]
[EventDate "2018.07.24"]

1. c4 c5 2. Nc3 g6 3. g3 Bg7 4. Bg2 Nc6 5. d3 e6 6. Bd2 Nge7 7. Qc1 h6 8. Nf3 b6
9. h4 Bb7 10. Rb1 Nd4 11. Ne4 d5 12. cxd5 exd5 13. Nc3 Rc8 14. O-O Qd7 15. Re1
Nxf3+ 16. Bxf3 f5 17. e4 fxe4 18. dxe4 O-O 19. Qd1 d4 20. Bg4 Qc6 21. Nd5 Rce8
22. Nf4 Rf6 23. b4 c4 24. b5 Qc7 25. e5 Rxf4 26. Bxf4 Rd8 27. Rc1 c3 28. Qd3 Qc5
29. Be6+ Kh8 30. Rcd1 Ba8 31. Be3 Qxe5 32. Bxh6 Qf6 33. Bg5 Qf3 34. Qxf3 Bxf3
35. Rd3 Bb7 36. Bxe7 Re8 37. Bf7 1-0

[Event "chess.com Speed 3m+1spm 2018"]
[Site "chess.com INT"]
[Date "2018.11.30"]
[Round "3.17"]
[White "So, Wesley"]
[Black "Duda, Jan-Krzysztof"]
[Result "1-0"]
[WhiteTitle "GM"]
[BlackTitle "GM"]
[WhiteElo "2780"]
[BlackElo "2737"]
[WhiteFideId "5202213"]
[BlackFideId "1170546"]
[EventDate "2018.07.24"]

1. d4 d5 2. c4 e6 3. Nc3 Nf6 4. cxd5 exd5 5. Bg5 c6 6. e3 h6 7. Bh4 Bf5 8. Qf3
Bh7 9. Bxf6 Qxf6 10. Qxf6 gxf6 11. Kd2 Nd7 12. Nf3 Nb6 13. Bd3 Nc4+ 14. Bxc4
dxc4 15. b3 cxb3 16. axb3 a5 17. Ke2 Bb4 18. Na2 Bd6 19. Nd2 b5 20. Rhc1 Kd7 21.
Nc3 Rhe8 22. Kf3 Bb4 23. Nce4 Bxd2 24. Nxd2 Ra6 25. Ra3 Rea8 26. Rc5 a4 27. b4
Kc7 28. Rh5 Rh8 29. Ke2 Bg6 30. Rc5 Kb7 31. Kd1 h5 32. h4 Rd8 33. Kc1 Rd5 34.
Rcc3 Rf5 35. Nf3 Ra8 36. Ra2 Bh7 37. Ne1 Rd5 38. Kb2 Rg8 39. Ka3 Rg4 40. g3 Rg8
41. Ng2 Be4 42. Nf4 Rf5 43. Ra1 Bf3 44. Rac1 Re8 45. Rc5 Rxc5 46. Rxc5 Rh8 47.
Rf5 Rh6 48. Nd3 Bg4 49. Rc5 Be2 50. Nf4 Bf3 51. d5 Kc7 52. Rxc6+ Kd7 53. Rb6 Rh8
54. Rxb5 Rc8 55. Rc5 Ra8 56. Ra5 Rc8 57. Ra7+ Kd6 58. Rxf7 Rc2 59. Rxf6+ Ke5 60.
Re6+ Kf5 61. Re8 Bd1 62. d6 Rc3+ 63. Kb2 Rc1 64. Kxc1 1-0

[Event "chess.com Speed 1m+1spm 2018"]
[Site "chess.com INT"]
[Date "2018.11.30"]
[Round "3.18"]
[White "Duda, Jan-Krzysztof"]
[Black "So, Wesley"]
[Result "0-1"]
[WhiteTitle "GM"]
[BlackTitle "GM"]
[WhiteElo "2737"]
[BlackElo "2780"]
[WhiteFideId "1170546"]
[BlackFideId "5202213"]
[EventDate "2018.07.24"]

1. e4 e5 2. Nf3 Nc6 3. Be2 Nf6 4. d3 d5 5. Nbd2 Bd6 6. c3 O-O 7. h3 a5 8. Qc2
Re8 9. g4 dxe4 10. dxe4 Ne7 11. Nc4 Ng6 12. Bg5 h6 13. Be3 b5 14. Nxd6 cxd6 15.
Bxb5 Bb7 16. Nd2 d5 17. Bxe8 Qxe8 18. f3 Rc8 19. Qb3 Ba8 20. Rf1 a4 21. Qb4 Rb8
22. Qa3 dxe4 23. fxe4 Nxe4 24. Nxe4 Bxe4 25. O-O-O Qb5 26. Rf2 Qc4 27. Rd7 f6
28. Ba7 Rc8 29. Be3 Qb5 30. Qd6 a3 31. Rd8+ Rxd8 32. Qxd8+ Kh7 33. Qd1 Qc4 34.
Qe2 Qxa2 35. bxa3 Qa1+ 36. Kd2 Nh4 37. Qd1 Qb2+ 38. Ke1 Ng2+ 39. Rxg2 Qxg2 40.
Qe2 Qxh3 41. a4 Qh1+ 42. Qf1 Qxf1+ 43. Kxf1 Bf3 44. a5 Bxg4 45. Kf2 Bc8 46. c4
Bb7 47. c5 h5 48. Ke2 h4 49. Bg1 g5 50. Kd2 g4 51. Kc3 g3 52. Kb4 h3 53. Bh2
gxh2 0-1

[Event "chess.com Speed 1m+1spm 2018"]
[Site "chess.com INT"]
[Date "2018.11.30"]
[Round "3.19"]
[White "So, Wesley"]
[Black "Duda, Jan-Krzysztof"]
[Result "0-1"]
[WhiteTitle "GM"]
[BlackTitle "GM"]
[WhiteElo "2780"]
[BlackElo "2737"]
[WhiteFideId "5202213"]
[BlackFideId "1170546"]
[EventDate "2018.07.24"]

1. d4 g6 2. c4 Bg7 3. Nf3 d6 4. Nc3 Nf6 5. e4 Nbd7 6. Be2 e5 7. O-O O-O 8. Re1
Re8 9. Bf1 c6 10. d5 c5 11. g3 b6 12. a3 Re7 13. b4 Qf8 14. Bg5 Bh6 15. Bh4 Qg7
16. Ng5 Ne8 17. Rb1 Nf8 18. bxc5 bxc5 19. g4 f6 20. Nh3 Rf7 21. Kh1 Bf4 22. f3
h5 23. gxh5 g5 24. Bf2 Qh6 25. Nxf4 exf4 26. e5 fxe5 27. Ne4 Qxh5 28. Bd3 Rh7
29. Bg1 g4 30. Nf2 g3 31. Bxh7+ Nxh7 32. Ne4 Bh3 33. hxg3 Nef6 34. Bh2 Nxe4 35.
Rxe4 Ng5 36. g4 Nxe4 37. gxh5 Nf2+ 38. Kg1 Nxd1 39. Rxd1 Kf7 40. Kf2 Rb8 41. Rd2
Rb1 42. Bg1 Rf1+ 0-1

[Event "chess.com Speed 1m+1spm 2018"]
[Site "chess.com INT"]
[Date "2018.11.30"]
[Round "3.20"]
[White "Duda, Jan-Krzysztof"]
[Black "So, Wesley"]
[Result "0-1"]
[WhiteTitle "GM"]
[BlackTitle "GM"]
[WhiteElo "2737"]
[BlackElo "2780"]
[WhiteFideId "1170546"]
[BlackFideId "5202213"]
[EventDate "2018.07.24"]

1. e4 e5 2. Nf3 Nc6 3. Be2 Nf6 4. d3 d5 5. Nbd2 Bd6 6. c3 a5 7. h3 h6 8. Qc2 Be6
9. Nf1 Ne7 10. Ng3 Ng6 11. O-O O-O 12. Re1 c6 13. Bf1 Qc7 14. Be3 Rad8 15. a3
Rfe8 16. b4 Ra8 17. Rab1 b5 18. Nd2 axb4 19. axb4 dxe4 20. dxe4 Ra2 21. Qc1 Nf4
22. Nb3 Rea8 23. Na5 Qc8 24. Rb2 Rxb2 25. Qxb2 c5 26. Ra1 c4 27. Rd1 Bc7 28. Nc6
Qe8 29. Na7 Bb8 30. Ra1 Nd3 31. Qb1 Qd7 32. Bxd3 cxd3 33. Ra5 Bxa7 34. Qa1 Bb3
35. Nf1 Ba4 36. Nd2 Kh7 37. c4 Bxe3 38. fxe3 Rxa5 39. bxa5 bxc4 40. a6 Bc6 41.
Nxc4 d2 42. Nb2 Nxe4 43. a7 f5 44. Kh2 Ba8 45. Qa5 d1=Q 46. Nxd1 Qxd1 47. Qc7
Qe1 48. Qxe5 Qg3+ 49. Qxg3 Nxg3 50. Kxg3 Kg6 51. Kf2 Kf6 52. g3 g5 53. Ke1 Ke5
54. Kd2 Ke4 55. Ke2 g4 56. h4 h5 57. Kf2 Kd3 58. Kg1 Kxe3 59. Kh2 Kf3 0-1

[Event "chess.com Speed 1m+1spm 2018"]
[Site "chess.com INT"]
[Date "2018.11.30"]
[Round "3.21"]
[White "So, Wesley"]
[Black "Duda, Jan-Krzysztof"]
[Result "1-0"]
[WhiteTitle "GM"]
[BlackTitle "GM"]
[WhiteElo "2780"]
[BlackElo "2737"]
[WhiteFideId "5202213"]
[BlackFideId "1170546"]
[EventDate "2018.07.24"]

1. d4 Nf6 2. c4 c5 3. d5 b5 4. cxb5 a6 5. bxa6 g6 6. Nc3 Bg7 7. e4 O-O 8. e5 Ne8
9. h4 Bxe5 10. Bh6 Bxa6 11. h5 Ng7 12. Nf3 Bxc3+ 13. bxc3 Bxf1 14. Kxf1 Ra6 15.
Qd2 Qa5 16. hxg6 Rxg6 17. Ne5 d6 18. Nxg6 fxg6 19. Bxg7 Kxg7 20. Qh6+ Kf7 21.
Re1 Ke8 22. Qg7 e5 1-0

[Event "chess.com Speed 1m+1spm 2018"]
[Site "chess.com INT"]
[Date "2018.11.30"]
[Round "3.22"]
[White "Duda, Jan-Krzysztof"]
[Black "So, Wesley"]
[Result "0-1"]
[WhiteTitle "GM"]
[BlackTitle "GM"]
[WhiteElo "2737"]
[BlackElo "2780"]
[WhiteFideId "1170546"]
[BlackFideId "5202213"]
[EventDate "2018.07.24"]

1. e4 c6 2. Nf3 d5 3. exd5 cxd5 4. Ne5 Nc6 5. Bb5 Bd7 6. Nxd7 Qxd7 7. d4 a6 8.
Be2 e6 9. c3 Nf6 10. Nd2 Bd6 11. Nf3 O-O 12. O-O b5 13. a3 Na5 14. g3 Nc4 15.
Bd3 a5 16. Re1 Qc7 17. Qc2 g6 18. b3 Nb6 19. Bxb5 Rfc8 20. Bb2 a4 21. b4 Ne4 22.
Bd3 Nxc3 23. Rac1 Ne4 24. Bxe4 dxe4 25. Qxe4 Qd8 26. Rc5 Nd5 27. h4 Be7 28. h5
Bf6 29. Kg2 Rxc5 30. bxc5 Rb8 31. Bc1 Rb3 32. Rh1 Qa8 33. Qe2 Nc3 34. Qc4 Qc6
35. hxg6 hxg6 36. Be3 Nd5 37. Qe2 Rxa3 38. g4 Rb3 39. Bc1 a3 40. Rh3 Qa8 41. Qa2
Qa4 42. Bd2 Rb2 43. Qa1 Bxd4 44. Qe1 Bg7 45. c6 Qxc6 46. Bh6 Bf6 47. Qa5 a2 48.
Qa3 Qc8 49. Bc1 a1=Q 50. Bxb2 Qxa3 51. Bxa3 Nf4+ 0-1

[Event "chess.com Speed 1m+1spm 2018"]
[Site "chess.com INT"]
[Date "2018.11.30"]
[Round "3.23"]
[White "So, Wesley"]
[Black "Duda, Jan-Krzysztof"]
[Result "1-0"]
[WhiteTitle "GM"]
[BlackTitle "GM"]
[WhiteElo "2780"]
[BlackElo "2737"]
[WhiteFideId "5202213"]
[BlackFideId "1170546"]
[EventDate "2018.07.24"]

1. e4 e6 2. d4 d5 3. Nc3 Bb4 4. e5 c5 5. a3 Bxc3+ 6. bxc3 Ne7 7. a4 Qc7 8. Nf3
b6 9. Bb5+ Bd7 10. Bd3 Nbc6 11. O-O h6 12. Re1 Na5 13. Nh4 Rc8 14. Qg4 g6 15.
Nf3 Nc4 16. Qh4 Ng8 17. Bg5 Bc6 18. a5 bxa5 19. dxc5 a4 20. Nd4 Bd7 21. Bf6 Rh7
22. Bg5 Qxc5 23. Bf4 Qe7 24. Qg3 Rg7 25. h4 a3 26. Reb1 Nb2 27. Bd2 g5 28. hxg5
hxg5 29. Bc1 f5 30. exf6 Nxf6 31. Qe5 Ng4 32. Qe2 e5 33. Nf5 Bxf5 34. Bxf5 Rxc3
35. Bxg4 Rh7 36. Bxb2 axb2 37. Rxb2 Qd6 38. Rab1 e4 39. Rb8+ Ke7 40. R8b7+ Rc7
41. Rxc7+ Qxc7 42. g3 Kf6 43. Qd2 Qe5 44. Rd1 a5 45. Qxa5 e3 46. Qb6+ Kg7 47.
Qxe3 1-0

[Event "chess.com Speed 1m+1spm 2018"]
[Site "chess.com INT"]
[Date "2018.11.30"]
[Round "3.24"]
[White "Duda, Jan-Krzysztof"]
[Black "So, Wesley"]
[Result "0-1"]
[WhiteTitle "GM"]
[BlackTitle "GM"]
[WhiteElo "2737"]
[BlackElo "2780"]
[WhiteFideId "1170546"]
[BlackFideId "5202213"]
[EventDate "2018.07.24"]

1. d4 d5 2. Bf4 Bf5 3. e3 e6 4. c4 Bxb1 5. Qxb1 Bb4+ 6. Kd1 Bd6 7. Bg3 Nf6 8.
Qc2 O-O 9. c5 Be7 10. Bd3 c6 11. a3 b6 12. b4 a5 13. Rb1 Nbd7 14. Nf3 axb4 15.
axb4 Qc8 16. Ke2 Qb7 17. Rhc1 Rfc8 18. h3 b5 19. Bh2 Bd8 20. Ne5 g6 21. f4 Ra3
22. Kf3 Rca8 23. g4 Nxe5+ 24. fxe5 Nd7 25. Bf4 Bc7 26. h4 Ra2 27. Rb2 Rxb2 28.
Qxb2 Qa6 29. Qd2 Qa2 30. Bc2 f6 31. h5 fxe5 32. dxe5 Nxe5+ 33. Kg3 g5 34. Bxe5
Bxe5+ 35. Kh3 Qa3 36. Rf1 Bg7 37. h6 Bxh6 38. Rf6 Bg7 39. Rxe6 Qa1 40. Qg2 Qe1
41. Qf3 Rf8 42. Bf5 h5 43. Rxc6 hxg4+ 44. Qxg4 Qf1+ 45. Kh2 Be5+ 0-1

[Event "chess.com Speed 1m+1spm 2018"]
[Site "chess.com INT"]
[Date "2018.11.30"]
[Round "3.25"]
[White "So, Wesley"]
[Black "Duda, Jan-Krzysztof"]
[Result "1-0"]
[WhiteTitle "GM"]
[BlackTitle "GM"]
[WhiteElo "2780"]
[BlackElo "2737"]
[WhiteFideId "5202213"]
[BlackFideId "1170546"]
[EventDate "2018.07.24"]

1. e4 e5 2. Nf3 Nf6 3. Nxe5 d6 4. Nf3 Nxe4 5. Nc3 Nxc3 6. dxc3 Be7 7. Be3 Nc6 8.
Bc4 Be6 9. Bxe6 fxe6 10. Qe2 Qd7 11. O-O-O O-O-O 12. h4 Bf6 13. h5 h6 14. g4 a6
15. c4 Kb8 16. Nd2 Rhe8 17. Ne4 Qf7 18. f4 d5 19. Nc5 e5 20. cxd5 exf4 21. Nxa6+
bxa6 22. Qxa6 Rxd5 23. Qxc6 Rxd1+ 24. Rxd1 fxe3 25. Rd7 Qxd7 26. Qxd7 Re7 27.
Qb5+ Kc8 28. Qe2 Bg5 29. a4 Rf7 30. Kb1 Rf2 31. Qa6+ Kd8 32. Qd3+ Ke7 33. Qe4+
Kf7 34. Qd5+ Kf8 35. Ka2 Rd2 36. Qf5+ Kg8 37. Qe6+ Kh8 38. a5 Rd6 39. Qe8+ Kh7
40. Qe4+ Kg8 41. b4 Kf7 42. Qc4+ Re6 43. Qe2 Ke7 44. a6 Rd6 45. a7 Rd2 46. Qc4
e2 47. Qe4+ 1-0

[Event "chess.com Speed 1m+1spm 2018"]
[Site "chess.com INT"]
[Date "2018.11.30"]
[Round "3.26"]
[White "Duda, Jan-Krzysztof"]
[Black "So, Wesley"]
[Result "0-1"]
[WhiteTitle "GM"]
[BlackTitle "GM"]
[WhiteElo "2737"]
[BlackElo "2780"]
[WhiteFideId "1170546"]
[BlackFideId "5202213"]
[EventDate "2018.07.24"]

1. d4 d5 2. Nf3 Nf6 3. Bg5 Ne4 4. Bh4 c5 5. e3 Nc6 6. c3 Qb6 7. Qc1 Bf5 8. Nbd2
e6 9. Be2 Rc8 10. O-O Be7 11. Bxe7 Nxe7 12. Nxe4 Bxe4 13. Nd2 Bg6 14. Nb3 cxd4
15. exd4 O-O 16. Nc5 Qc7 17. a4 b6 18. Na6 Qd6 19. a5 Nc6 20. Qe3 Nxa5 21. h4 h6
22. h5 Bh7 23. Nb4 Rc7 24. Bd3 Nc4 25. Bxh7+ Kxh7 26. Qe2 Qe7 27. Nd3 a5 28. g4
Nd6 29. Kg2 f5 30. Ne5 Rf6 31. Qd3 Nc4 32. Ng6 Qe8 33. Rae1 Nxb2 34. Qb1 Nc4 35.
gxf5 Nd2 36. Qd3 Nxf1 37. fxe6 Kg8 38. e7 Nd2 39. Qxd2 Rxg6+ 40. hxg6 Rxe7 41.
Rxe7 Qxe7 42. Qd3 a4 43. Kf1 a3 44. Qf5 Qd8 45. Qf7+ Kh8 46. Qa7 Qe8 47. Qxb6
Qa8 48. Qb1 a2 49. Qa1 Qa6+ 50. Kg2 Qxg6+ 51. Kh3 Qb1 0-1

[Event "chess.com Speed 1m+1spm 2018"]
[Site "chess.com INT"]
[Date "2018.11.30"]
[Round "3.27"]
[White "So, Wesley"]
[Black "Duda, Jan-Krzysztof"]
[Result "1-0"]
[WhiteTitle "GM"]
[BlackTitle "GM"]
[WhiteElo "2780"]
[BlackElo "2737"]
[WhiteFideId "5202213"]
[BlackFideId "1170546"]
[EventDate "2018.07.24"]

1. e4 d6 2. d4 g6 3. c4 Bg7 4. Nc3 Nf6 5. Nf3 O-O 6. Be2 e5 7. O-O Nc6 8. d5 Ne7
9. Ne1 Nd7 10. f3 f5 11. Be3 f4 12. Bf2 g5 13. Rc1 h5 14. c5 Nxc5 15. b4 Na6 16.
Nb5 Rf7 17. Nd3 Kh8 18. a4 Ng8 19. Nxa7 Bd7 20. Nb5 Nf6 21. Rc3 Bh6 22. Qc2 Rg7
23. Rc1 g4 24. Nxc7 Nxc7 25. Rxc7 g3 26. Be1 Nxe4 27. Rxd7 gxh2+ 28. Kxh2 Qxd7
29. fxe4 Rxg2+ 30. Kxg2 Rg8+ 31. Kh2 Qg7 32. Bg4 Qxg4 33. Qf2 f3 34. Rc7 Bf4+
35. Nxf4 Qxf4+ 36. Kh1 Rg4 37. Qh2 Qg5 38. Bd2 f2 39. Rf7 Qh4 40. Qxh4 Rxh4+ 41.
Kg2 f1=Q+ 42. Kxf1 Rxe4 43. a5 Rd4 44. Ke2 Rxd5 45. Rxb7 e4 46. a6 Rd3 47. a7
Ra3 48. Rb8+ Kh7 49. a8=Q Rxa8 50. Rxa8 1-0

[Event "chess.com Speed 5m+1spm 2018"]
[Site "chess.com INT"]
[Date "2018.12.01"]
[Round "3.1"]
[White "Nakamura, Hikaru"]
[Black "Aronian, Levon"]
[Result "1/2-1/2"]
[WhiteTitle "GM"]
[BlackTitle "GM"]
[WhiteElo "2777"]
[BlackElo "2767"]
[WhiteFideId "2016192"]
[BlackFideId "13300474"]
[EventDate "2018.07.24"]

1. d4 Nf6 2. c4 e6 3. Nf3 d5 4. Nc3 dxc4 5. e4 Bb4 6. Bxc4 Nxe4 7. O-O Nxc3 8.
bxc3 Bd6 9. Ng5 h6 10. Qh5 O-O 11. Ne4 f5 12. Nxd6 cxd6 13. Bxh6 gxh6 14. Qg6+
Kh8 15. Qxh6+ Kg8 16. Qg6+ Kh8 1/2-1/2